01136cam a2200289Ii 4500001000700000003000600007005001700013008004100030010001700071020003100088020002500119035002300144035001900167040003200186082001600218100003200234245010700266260004700373300002100420500013600441500006800577500002800645504005100673610007600724650003300800650001300833136526GBCCL20241126110601.0780424s1977 mou b 000 0 eng d a 77075023  a0882439081 (pbk.) :c$1.50 a9780882439082 (pbk.) a(OCoLC)ocm03824065 a(OCoLC)3824065 aBCTcBCTdBAKERdOCLCQdLBB a289.94bCAR1 aCarlson, Guy Raymondd1918-10aOur faith and fellowship:bA study of the Assemblies of God history and beliefs /cG. Raymond Carlson. aSpringfield, Mo. :bRadiant Books,cc1977. a128 p. ;c18 cm. a"Adapted from the Christian Faith Series manual Our faith and fellowship by Ralph W. Harris, c1963 by the Gospel Publishing House." aOn cover: A study of the Assemblies of God history and beliefs. a"Errata" slip inserted. aIncludes bibliographical references (124-126).20aAssemblies of God.bGeneral CouncilxDoctrinal and controversial works. aAssemblies of GodxDoctrines aTheology